000 01183cam a2200289 i 4500
001 35072
003 Mx-PuUPA
005 20250814074614.0
008 140415s1994 mx gr 000 i spa d
040 _aMx-PuUPA
_bspa
_cMx-PuUPA
_dMx-PuUPA
_erda
041 0 _aspa
245 0 0 _aCarta a las familias del Papa Juan Pablo II /
_cIMDOSOC
264 1 _aMéxico, D.F. :
_bAsociación Mexicana de Promoción y Cultura Social,
_c1994
300 _a103 páginas ;
_c17 cm
336 _2rdacontent
_atexto
_btxt
337 _2rdamedia
_asin medio
_bn
338 _2rdacarrier
_avolumen
_bnc
650 7 _2armarc
_aCartas pontificias
650 7 _2armarc
_aDocumentos pontificios
650 7 _2armarc
_aFamilia cristiana
650 7 _2armarc
_aIglesia católica
_xDoctrina
710 2 _aInstituto Mexicano de Doctrina Social Cristiana,
_94427
_ecompilador
775 0 _aInstituto Mexicano de Doctrina Social Cristiana,
_dMéxico, D.F. : Asociación Mexicana de Promoción y Cultursa Social, 1994
_h103 páginas ; 21 cm
_tCarta a las familias del Papa Juan Pablo II /
_w(Mx-PuUPA) 13001
942 _2ddc
_cLI
_h262.91
_iC26
999 _c35072
_d35072